Top 100 Sci-Fi Novels - Statistics

General Stats
  • This quiz has been taken 19 times
  • The average score is 13 of 100
Answer Stats
Answer Author Year % Correct
Nineteen Eighty-Four George Orwell 1949
95%
Dune Frank Herbert 1965
74%
Fahrenheit 451 Ray Bradbury 1953
58%
Do Androids Dream of Electric Sheep? Phillip K. Dick 1968
47%
A Clockwork Orange Anthony Burgess 1962
42%
The Left Hand of Darkness Ursula K. Le Guin 1969
37%
Crash J. G. Ballard 1973
32%
Neuromancer William Gibson 1984
32%
Cat's Cradle Kurt Vonnegut 1963
26%
Earth Abides George R. Stewart 1949
26%
The Man in the High Castle Phillip K. Dick 1962
26%
The Martian Chronicles Ray Bradbury 1950
26%
Flowers for Algernon Daniel Keyes 1966
21%
The Day of the Triffids John Wyndham 1951
21%
The Stars My Destination Alfred Bester 1956
21%
A Canticle for Leibowitz Walter M. Miller Jr. 1959
16%
Childhood's End Arthur C. Clarke 1953
16%
High Rise J. G. Ballard 1975
16%
Make Room! Make Room! Harry Harrison 1966
16%
More Than Human Theodore Sturgeon 1953
16%
Pavane Keith Roberts 1968
16%
Stand on Zanzibar John Brunner 1968
16%
The Demolished Man Alfred Bester 1953
16%
The Dispossessed Ursula K. Le Guin 1974
16%
The Drowned World J. G. Ballard 1962
16%
The Female Man Joanna Russ 1975
16%
The Space Merchants Frederik Pohl and C.M. Kornbluth 1953
16%
Woman on the Edge of Time Marge Piercy 1976
16%
Alas, Babylon Pat Frank 1959
11%
Bug Jack Barron Norman Spinrad 1969
11%
Camp Concentration Thomas M. Disch 1968
11%
Have Space Suit - Will Travel Robert A. Heinlein 1958
11%
Martian Time-Slip Phillip K. Dick 1964
11%
Non-Stop Brian Aldiss 1958
11%
Nova Samuel R. Delany 1968
11%
Nova Express William S. Burroughs 1964
11%
Riddley Walker Russell Hoban 1980
11%
Rogue Moon Algis Budrys 1960
11%
The Alteration Kingsley Amis 1976
11%
The Dancers at the End of Time Michael Moorcock 1972
11%
The Dream Master Roger Zelazny 1966
11%
The Final Programme Michael Moorcock 1968
11%
The Inheritors William Golding 1955
11%
The Midwich Cuckoos John Wyndham 1957
11%
The Shadow of the Torturer Gene Wolfe 1980
11%
The Sirens of Titan Kurt Vonnegut 1959
11%
The Three Stigmata of Palmer Eldritch Phillip K. Dick 1965
11%
The Wanderer Fritz Leiber 1965
11%
Way Station Clifford D. Simak 1963
11%
334 Thomas M. Disch 1972
5%
A Case of Conscience James Blish 1958
5%
A Mirror for Observers Edgar Pangborn 1954
5%
Bring the Jubilee Ward Moore 1953
5%
Downward to the Earth Robert Silverberg 1970
5%
Dr. Bloodmoney Phillip K. Dick 1965
5%
Engine Summer John Crowley 1979
5%
Galaxies Barry N. Malzberg 1975
5%
Greybeard Brian Aldiss 1964
5%
Heroes and Villains Angela Carter 1969
5%
Hothouse Brian Aldiss 1962
5%
Inverted World Christopher Priest 1974
5%
Journey Beyond Tomorrow Robert Sheckley 1962
5%
Juniper Time Kate Wilhelm 1979
5%
Limbo Bernard Wolfe 1952
5%
Looking Backward, from the Year 2000 Mack Reynolds 1973
5%
Man Plus Frederik Pohl 1976
5%
Michaelmas Algis Budrys 1977
5%
Miracle Visitors Ian Watson 1978
5%
Mission of Gravity Hal Clement 1954
5%
No Enemy But Time Michael Bishop 1982
5%
Norstrilia Cordwainer Smith 1965
5%
Oath of Fealty Larry Niven and Jerry Pournelle 1981
5%
On Wings of Song Thomas M. Disch 1979
5%
Orbitsville Bob Shaw 1975
5%
Ring Around the Sun Clifford D. Simak 1953
5%
Tau Zero Poul Anderson 1970
5%
The Birth of the People's Republic of Antarctica John Calvin Batchelor 1983
5%
The City and the Stars Arthur C. Clarke 1956
5%
The Complete Roderick John Sladek 1980
5%
The Crystal World J. G. Ballard 1966
5%
The Death of Grass John Christopher 1956
5%
The Door into Summer Robert A. Heinlein 1957
5%
The Dreaming Dragons Damien Broderick 1980
5%
The Embedding Ian Watson 1973
5%
The End of Eternity Isaac Asimov 1955
5%
The Fifth Head of Cerberus Gene Wolfe 1972
5%
The Long Tomorrow Leigh Brackett 1955
5%
The Ophiuchi Hotline John Varley 1977
5%
The Palace of Eternity Bob Shaw 1969
5%
The Paradox Men Charles L. Harness 1953
5%
The Puppet Masters Robert A. Heinlein 1951
5%
The Unreasoning Mask Phillip Jose Farmer 1981
5%
The Walking Shadow Brian Stableford 1979
5%
The Year of the Quiet Sun Wilson Tucker 1970
5%
Time Out of Joint Phillip K. Dick 1959
5%
Timescape Gregory Benford 1980
5%
Venus Plus X Theodore Sturgeon 1960
5%
Walk to the End of the World Suzy McKee Charnas 1974
5%
Wild Seed Octavia E. Butler 1980
5%
The Cantauri Device M. John Harrison 1974
0%
No matching quizzes found
Score Distribution
Percent of People with Each Score
Percentile by Number Answered
Your Score History
You have not taken this quiz